| 000 | 01633cab a2200241 4500 | ||
|---|---|---|---|
| 001 | ABS68785 | ||
| 008 | 050209n2005 000 0 eng u | ||
| 035 | _a(Sirsi) u128746 | ||
| 100 | _aHerbert, S. | ||
| 245 | _aRethinking contaminated land | ||
| 260 | _c2005 | ||
| 490 |
_aRICS Business _vFebruary 2005, 28-30(3) |
||
| 520 | _aExamines how brownfield land development is being affected by sweeping changes being introduced into UK law on the disposal of hazardous waste including contaminated soil. The broad aim of the legislation is to reduce the UK's dependence on landfill and to move away from a dig and dump waste strategy. Describes the Environment Agency's three point test for waste going to landfill and outlines its voluntary code of practice aimed at reducing waste and saving money. With the costs increasing for testing and treating potentially contaminated soil before transporting it for disposal, developers will invest more in soil investigation. Summarises the findings of the Engineering and Physical Science Research Council's 2004 survey of developers' attitudes towards developing on contaminated sites. Provides further sources of information. View the article at www.rics.org. | ||
| 590 | _aABS | ||
| 590 | _aRKA, CONTLAND | ||
| 650 | _aDIRECTIVE 99/31/EC | ||
| 650 | _aWASTE ACCEPTANCE CRITERIA | ||
| 650 | _aLANDFILL | ||
| 650 | _aCONTAMINATED LAND | ||
| 690 | _aENVIRONMENTAL AND LAND CONSULTANCY-WASTE MANAGEMENT | ||
| 856 |
_uhttps://www.rics.org/Environmentalandlandconsultancy/Wastemanagement/rethinking_contaminated160205.htm _zView the article on the RICS website... |
||
| 942 | _n0 | ||
| 999 |
_c74785 _d74785 |
||